Research methods : (Record no. 192371)
[ view plain ]
| 000 -LEADER | |
|---|---|
| fixed length control field | 00755nam a2200241Ia 4500 |
| 005 - DATE AND TIME OF LATEST TRANSACTION | |
| control field | 20220124173036.0 |
| 008 - FIXED-LENGTH DATA ELEMENTS--GENERAL INFORMATION | |
| fixed length control field | 210716s2008 xx 000 0 und d |
| 020 ## - INTERNATIONAL STANDARD BOOK NUMBER | |
| International Standard Book Number | 9788180940460 |
| 040 ## - CATALOGING SOURCE | |
| Transcribing agency | AIMIT LIBRARY |
| 041 ## - LANGUAGE CODE | |
| Language code of text/sound track or separate title | eng |
| 082 ## - DEWEY DECIMAL CLASSIFICATION NUMBER | |
| Classification number | 001.42 |
| Edition number | 1 |
| Item number | VIJG |
| 100 ## - MAIN ENTRY--PERSONAL NAME | |
| Personal name | Vijayalakshmi, G. |
| 9 (RLIN) | 14623 |
| 245 ## - TITLE STATEMENT | |
| Title | Research methods : |
| Remainder of title | tips and techniques / |
| Statement of responsibility, etc. | By G. Vijayalakshmi and C. Sivapragasam. |
| 250 ## - EDITION STATEMENT | |
| Edition statement | 1st. ed. |
| 260 ## - PUBLICATION, DISTRIBUTION, ETC. | |
| Place of publication, distribution, etc. | Chennai : |
| Name of publisher, distributor, etc. | MJP Publishers , |
| Date of publication, distribution, etc. | 2008. |
| 300 ## - PHYSICAL DESCRIPTION | |
| Extent | xiv, 218p. ; |
| Dimensions | 21.6 cm. |
| 650 ## - SUBJECT ADDED ENTRY--TOPICAL TERM | |
| Topical term or geographic name entry element | Research Methodology |
| 9 (RLIN) | 14624 |
| 650 ## - SUBJECT ADDED ENTRY--TOPICAL TERM | |
| Topical term or geographic name entry element | Sampling Techniques |
| 9 (RLIN) | 14625 |
| 650 ## - SUBJECT ADDED ENTRY--TOPICAL TERM | |
| Topical term or geographic name entry element | Data Collection |
| 9 (RLIN) | 14626 |
| 650 ## - SUBJECT ADDED ENTRY--TOPICAL TERM | |
| Topical term or geographic name entry element | Cross Tabulation |
| 9 (RLIN) | 14627 |
| 700 ## - ADDED ENTRY--PERSONAL NAME | |
| Personal name | Sivapragasam, C. |
| 9 (RLIN) | 14628 |
| 942 ## - ADDED ENTRY ELEMENTS (KOHA) | |
| Source of classification or shelving scheme | Dewey Decimal Classification |
| Koha item type | Book |
| Edition | 1st |
| Call number prefix | 001.42 VIJG |
| Withdrawn status | Lost status | Source of classification or shelving scheme | Damaged status | Not for loan | Collection code | Home library | Current library | Shelving location | Date acquired | Source of acquisition | Cost, normal purchase price | Inventory number | Total Checkouts | Full call number | Barcode | Date last seen | Cost, replacement price | Price effective from | Koha item type |
|---|---|---|---|---|---|---|---|---|---|---|---|---|---|---|---|---|---|---|---|
| Dewey Decimal Classification | MCA | St Aloysius Institute of Management & Information Technology | St Aloysius Institute of Management & Information Technology | Research Methodology | 01/13/2025 | Tamilnadu Book House | 180.00 | Bill no:1855/2011-2012; Bill dt: | 001.42 VIJG | MCA11879 | 07/21/2025 | 135.00 | 07/16/2021 | Book | |||||
| Dewey Decimal Classification | MCA | St Aloysius Institute of Management & Information Technology | St Aloysius Institute of Management & Information Technology | Research Methodology | 01/13/2025 | Tamilnadu Book House | 180.00 | Bill no:1855/2011-2012; Bill dt: | 001.42 VIJG | MCA11880 | 07/21/2025 | 135.00 | 07/16/2021 | Book | |||||
| Dewey Decimal Classification | MCA | St Aloysius Institute of Management & Information Technology | St Aloysius Institute of Management & Information Technology | Research Methodology | 01/13/2025 | Tamilnadu Book House | 180.00 | Bill no:2011-2012/ 1855; Bill dt | 001.42 VIJG | MCA11881 | 07/21/2025 | 180.00 | 07/16/2021 | Book | |||||
| Dewey Decimal Classification | MBA | St Aloysius Institute of Management & Information Technology | St Aloysius Institute of Management & Information Technology | Research Methodology | 12/15/2010 | 180.00 | Bill no:ABK 507; Bill dt:2010-09 | 001.42 VIJG | MBA08423 | 05/23/2026 | 135.00 | 07/16/2021 | Book |